000 00298nam a2200133Ia 4500
100 _aKonvalina/ J./ Wileman/ S.
942 _cBK
654 _aprogramming
245 _aProgramming with PASCAL
260 _bMcGraw Hill
_aSingapore
_c1987
082 _a1.6424
300 _a622
546 _aENGLISH
999 _c27256
_d27256